[Event "Montesilvano Adriatico op 2nd"]
[Site "Montesilvano"]
[Date "2013.03.01"]
[Round "1"]
[White "Cerquitella, Luca"]
[Black "Civitareale, Antonio"]
[Result "1-0"]
[WhiteElo "2294"]
[BlackElo "1957"]
[PlyCount "53"]
[EventDate "2013.03.01"]
[EventType "swiss"]
[EventRounds "5"]
[EventCountry "ITA"]
[SourceTitle "CBM 153 Extra"]
[Source "ChessBase"]
[SourceDate "2013.04.22"]
[SourceVersion "1"]
[SourceVersionDate "2013.04.22"]
[SourceQuality "1"]

1. e4 c5 2. c3 g6 3. d4 cxd4 4. cxd4 d5 5. Nc3 dxe4 6. Bc4 Bg7 7. Qb3 e6 8. d5 Qe7 9. dxe6 Bxe6 10. Bxe6 Qxe6 11. Qxb7 Bxc3+ 12. bxc3 Qc6 13. Qb4 Nd7 14. Ne2 Rb8 15. Qd4 Ngf6 16. 0-0 Qb6 17. Be3 Qxd4 18. Bxd4 a6 19. Ng3 0-0 20. Rfe1 Rfe8 21. Re2 h5 22. h4 Re6 23. Rae1 Rbe8 24. Rb1 Kf8 25. Rb7 Rc8 26. Reb2 Nc5 27. Rb8 1-0